000 01146cam a2200301 a 4500
999 _c529647
_d529647
001 4909055
003 NUST
005 20190930124903.0
008 941107s1994 dcua b 000 0 eng
010 _a 94061932
020 _a0309056667
038 _aMSOHAIL
040 _aDLC
_cDLC
_dDLC
050 0 0 _aTE220.5
_b.K84 1994
082 0 0 _a625.763
_220
100 1 _aKuemmel, David E.
_922060
245 0 0 _aManaging roadway snow and ice control operations /
_cDavid E. Kuemmel.
260 _aWashington, D.C. :
_bNational Academy Press,
_c1994.
300 _a56 p. :
_bill. ;
_c28 cm.
440 0 _aSynthesis of highway practice,
_x0547-5570 ;
_v207
_922061
500 _aAt head of title: National Cooperative Highway Research Program.
504 _aIncludes bibliographical references (p. 45-47).
650 0 _aRoads
_xSnow and ice control.
_921203
710 2 _aNational Cooperative Highway Research Program.
_920864
906 _a7
_bcbc
_corignew
_d2
_eopcn
_f19
_gy-gencatlg
942 _2ddc
_cBK